zpět

Detail výsledku týmu

Záložna ÚT, Pardubice

Datum a čas kvízu

34.5 Celkem bodů Celkový počet nahraných bodů na tomto kvízu bez doplňovacích otázek.
9. Pořadí na kvízu Konečné umístění týmu na tomto kvízu.

Zaznamenané odpovědi

# Otázka Odpověď Body Výsledky
1. Minulou středu proběhl po celé... 11:59 1
2. Minulé úterý parlament schváli... ve Velké Británii 1
3. Plaketu věnovanou které filmov... Otíkovi 1
4. Nizozemská firma Organoid Comp... C) Tyrannosaura rexe 1
5. V sobotu se v pražské O2 areně... Mladá Boleslav, Brno 1
6. Vědci v minulosti několikrát t... D) 0
7. Světová zdravotnická organizac... o Rumunsko 0
8. V červenci 2025 Senát schválil... 3 (2 a 4 za půl bodu) 1
9. Na které z fotografií se nachá... A) 1
10. Velení wehrmachtu si před začá... pervitin 1